101 Award-Winning Projects: Volume 1 (Record no. 13407)
[ view plain ]
| 000 -LEADER | |
|---|---|
| fixed length control field | 00206 a2200085 4500 |
| 020 ## - INTERNATIONAL STANDARD BOOK NUMBER | |
| International Standard Book Number | 9383419490 |
| 100 ## - MAIN ENTRY--PERSONAL NAME | |
| Personal name | Ranjana Mital |
| 245 ## - TITLE STATEMENT | |
| Title | 101 Award-Winning Projects: Volume 1 |
| 260 ## - PUBLICATION, DISTRIBUTION, ETC. | |
| Name of publisher, distributor, etc. | COPAL Publishing |
| Date of publication, distribution, etc. | 2021 |
| Withdrawn status | Lost status | Source of classification or shelving scheme | Damaged status | Not for loan | Permanent Location | Current Location | Date acquired | Source of acquisition | Cost, normal purchase price | Total Checkouts | Full call number | Barcode | Date last seen | Date last checked out | Cost, replacement price | Price effective from | Koha item type |
|---|---|---|---|---|---|---|---|---|---|---|---|---|---|---|---|---|---|
| BMS College of Architecture, Design and Planning | BMS College of Architecture, Design and Planning | 2025-05-22 | 1 | 4496.25 | 1 | 720.8 | AR-UG4646 | 2026-02-02 | 2026-01-20 | 5995.00 | 2025-05-22 | UG Books |